Statistics for Random African Countries by Capital

Click here to take the quiz!

General Stats

  • This quiz has been taken 31 times
  • The average score is 18 of 20

Answer Stats

CapitalCountry% Correct
AlgeirsAlgeria
100%
LuandaAngola
100%
Porto-NovoBenin
100%
GaboroneBotswana
100%
OuagadougouBurkina Faso
100%
YaoundeCameroon
100%
PraiaCape Verde
100%
BrazzavilleCongo
100%
KinshasaDemocratic Republic of the Congo
100%
DjiboutiDjibouti
100%
CairoEgypt
100%
AsmaraEritrea
100%
Addis AbabaEthiopia
100%
ConakryGuinea
100%
BissauGuinea-Bissau
100%
YamoussoukroIvory Coast
100%
NairobiKenya
100%
MonroviaLiberia
100%
TripoliLibya
100%
AntananarivoMadagascar
100%
LilongweMalawi
100%
BamakoMali
100%
NouakchottMauritania
100%
RabatMorocco
100%
WindhoekNamibia
100%
NiameyNiger
100%
AbujaNigeria
100%
Sao TomeSao Tome and Principe
100%
DakarSenegal
100%
VictoriaSeychelles
100%
FreetownSierra Leone
100%
MogadishuSomalia
100%
PretoriaSouth Africa
100%
JubaSouth Sudan
100%
DodomaTanzania
100%
BanjulThe Gambia
100%
LomeTogo
100%
TunisTunisia
100%
KampalaUganda
100%
LusakaZambia
100%
KigaliRwanda
75%
GitegaBurundi
50%
MaputoMozambique
50%
HarareZimbabwe
50%
BanguiCentral African Republic
0%
N'DjamenaChad
0%
MoroniComoros
0%
MalaboEquatorial Guinea
0%
MbabaneEswatini
0%
LibrevilleGabon
0%
AccraGhana
0%
MaseruLesotho
0%
Port LouisMauritius
0%
KhartoumSudan
0%

Score Distribution

Percentile by Number Answered

Percent of People with Each Score

Your Score History

You have not taken this quiz